000 00520nam a2200169 i 4500
001 35818
003 ES-MaACL
005 20230906155224.0
007 t|
008 030214s1919 fr ||||1| fre d
100 1 _aBouligand, Georges.
_930918
245 1 0 _aCours de géometrie analytique /
_cpar Georges Bouligand ; avec une préface de M. Cartan.
260 _aParis :
_bVuibert,
_c1919 (
_eChartres :
_fDurand)
300 _aVII, 421 p. :
_bil. ;
_c23 cm.
700 1 _aCartan, M.
_935873
852 _aES-MaACL
_jF-367
999 _c35818
_d35818